| 000 | 00441nam a2200157Ia 4500 | ||
|---|---|---|---|
| 003 | GCL | ||
| 008 | 140319s9999 xx 000 0 eng d | ||
| 040 |
_aGCL / _cGCL |
||
| 082 | 0 | 4 |
_aCC _b732.8 _bR E |
| 100 | 1 | _aRUSSMANN, EDNE R. | |
| 245 | 1 | 0 |
_aEGYPTIAN SCULPTURE,CARIRO AND LUXOR / _cRUSSMANN, EDNE R. |
| 260 |
_a[S.N] : _bBRITISH MUSUM PUBLICATIONS ، _c1990 |
||
| 300 | _a230 | ||
| 650 | 0 | 4 | _aANCIENT EGYPTIAN SCLUPTURE |
| 942 |
_2ddc _cBK |
||
| 999 |
_c13079 _d13079 |
||